000 00775nam a22002897a 4500
001 BR2010004860
003 BR-BrBNA
005 20230928103400.0
007 ta
008 230509b bl.||||| |||| 00| 0 por d
040 _aBR-BrBNA
_bpor
_cBiblioteca Nacional de Agricultura
041 _a(Por)
072 _aL73
_b5213
_b5214
090 _ 5213 BR2010004860
100 1 _aReis, R.
245 1 _aProgramas de saúde para rebanhos leiteiros e de corte
260 3 _aBelo Horizonte, MG (Brasil):
_c1975.
300 _a155 p.
650 _aGADO DE CORTE
650 _aGADO LEITEIRO
650 _aPROJETO PECUÁRIO
650 _aVETERINÁRIA
650 _aREPRODUÇÃO ANIMAL
650 _aDOENÇA ANIMAL
909 _a202309
_bLucia
_c55
_dLucia Elande
942 _cBK
999 _c74870
_d74870